Normal view MARC view
  • Barth, J. Robert

Entry Personal Name

Number of records used in: 1

001 - CONTROL NUMBER

  • control field: 41869

003 - CONTROL NUMBER IDENTIFIER

  • control field: DLC

005 - DATE AND TIME OF LATEST TRANSACTION

  • control field: 20181101135124.0

008 - FIXED-LENGTH DATA ELEMENTS

  • fixed length control field: 880310n| acannaab |a aaa

010 ## - LIBRARY OF CONGRESS CONTROL NUMBER

  • LC control number: n 88063048

040 ## - CATALOGING SOURCE

  • Original cataloging agency: DLC
  • Language of cataloging: eng
  • Transcribing agency: DLC
  • Modifying agency: DLC
  • Modifying agency: EG-ScBUE

100 1# - HEADING--PERSONAL NAME

  • Personal name: Barth, J. Robert

400 1# - SEE FROM TRACING--PERSONAL NAME

  • Personal name: Barth, John R.
  • Fuller form of name: (John Robert)

670 ## - SOURCE DATA FOUND

  • Source citation: His Coleridge and the power of love, 1988:
  • Information found: CIP t.p. (J. Robert Barth, S.J.)

670 ## - SOURCE DATA FOUND

  • Source citation: LC data base, 3-7-88
  • Information found: (hdg.: Barth, J. Robert)

670 ## - SOURCE DATA FOUND

  • Source citation: Email from AuPaJTL, Nov. 28, 2005
  • Information found: (Index bib. S.I., v. 12 (Barth, John R., 1931-))